Most Redneck U.S. Cities - Statistics

General Stats
  • This quiz has been taken 46 times
    35 since last reset
  • The average score is 8 of 10
Answers on the Map
Answers color-coded by a green-red scale on the quiz's map according to % correct below.
 
Answer Stats
State City % Correct
Oklahoma Oklahoma City
97%
Georgia Atlanta
93%
Tennessee Nashville
90%
Missouri Kansas City
87%
Oklahoma Tulsa
87%
Ohio Cleveland
83%
Texas Fort Worth
70%
California Sacramento
70%
Arizona Mesa
47%
Texas Arlington
40%
No matching quizzes found
Score Distribution
Percent of People with Each Score
Percentile by Number Answered
Your Score History
You have not taken this quiz since the last reset